[Event "Titled Tuesday intern op 27th Jun Late"]
[Site "Chess.com INT"]
[Date "2023.06.27"]
[Round "8"]
[White "Crispin Ferreras, Darvi Abraham"]
[Black "Allam, Yara"]
[Result "1-0"]
[WhiteElo "2131"]
[BlackElo "1858"]
[PlyCount "35"]
[EventDate "2023.06.27"]
[EventType "swiss (blitz)"]
[EventRounds "11"]
[EventCountry "USA"]
[SourceTitle "EXT 2024"]
[Source "ChessBase"]
[SourceDate "2023.10.10"]
[SourceVersion "1"]
[SourceVersionDate "2023.10.10"]
[SourceQuality "1"]

1. d4 d5 2. c4 c6 3. Nf3 Nf6 4. Nc3 e6 5. e3 Bd6 6. Be2 0-0 7. b3 Nbd7 8. 0-0 Re8 9. Bb2 Bc7 10. Bd3 e5 11. dxe5 Nxe5 12. cxd5 Bg4 13. Be2 Qd6 14. Nxe5 Qxe5 15. g3 Bxe2 16. Qxe2 cxd5 17. Nb5 Qd6 18. Nxd6 1-0

[Event "Titled Tuesday intern op 7th Mar Late"]
[Site "Chess.com INT"]
[Date "2023.03.07"]
[Round "2"]
[White "Crispin Ferreras, Darvi Abraham"]
[Black "Grinev, Valeriy"]
[Result "0-1"]
[WhiteElo "2131"]
[BlackElo "2418"]
[PlyCount "70"]
[EventDate "2023.03.07"]
[EventType "swiss (blitz)"]
[EventRounds "11"]
[EventCountry "USA"]
[SourceTitle "EXT 2024"]
[Source "ChessBase"]
[SourceDate "2023.10.10"]
[SourceVersion "1"]
[SourceVersionDate "2023.10.10"]
[SourceQuality "1"]

1. e4 c5 2. Nf3 d6 3. c3 Nf6 4. Be2 Nc6 5. d4 cxd4 6. cxd4 g6 7. Nc3 Bg7 8. 0-0 0-0 9. h3 d5 10. e5 Ne4 11. Qb3 Nxc3 12. bxc3 Na5 13. Qa4 Bd7 14. Qb4 Rc8 15. Ba3 Re8 16. Rab1 b6 17. Nd2 Bf5 18. Rbc1 f6 19. Bb5 Bd7 20. e6 Bxb5 21. Qxb5 Nc4 22. Nxc4 Rxc4 23. Qd7 Qxd7 24. exd7 Rd8 25. Bxe7 Rxd7 26. Ba3 Rdc7 27. Bb2 Kf7 28. f4 Ra4 29. a3 Bf8 30. Kf2 b5 31. Ke2 Bxa3 32. Bxa3 Rxa3 33. Kd2 Ra2+ 34. Rc2 Rxc2+ 35. Kxc2 b4 0-1

[Event "Titled Tuesday intern op 03rd Jan Early"]
[Site "Chess.com INT"]
[Date "2023.01.03"]
[Round "2"]
[White "Crispin Ferreras, Darvi Abraham"]
[Black "Ibadov, Dashgyn"]
[Result "1/2-1/2"]
[WhiteElo "2158"]
[BlackElo "2333"]
[PlyCount "104"]
[EventDate "2023.01.03"]
[EventType "swiss (blitz)"]
[EventRounds "11"]
[EventCountry "USA"]
[SourceTitle "EXT 2024"]
[Source "ChessBase"]
[SourceDate "2023.10.10"]
[SourceVersion "1"]
[SourceVersionDate "2023.10.10"]
[SourceQuality "1"]

1. d4 Nf6 2. c4 c5 3. Nf3 e6 4. e3 cxd4 5. Nxd4 d5 6. Nc3 Nc6 7. cxd5 exd5 8. Bb5 Bd7 9. 0-0 Bd6 10. h3 0-0 11. Re1 Qe7 12. Nf3 Rad8 13. Nxd5 Nxd5 14. Qxd5 Bxh3 15. Qg5 f6 16. Qh4 Bf5 17. Bc4+ Kh8 18. e4 Bg6 19. Bd5 Ne5 20. Nxe5 Qxe5 21. Be3 Qxb2 22. Rab1 Qc3 23. Rec1 Qa3 24. Rxb7 Rc8 25. Re1 Rc7 26. Rxc7 Bxc7 27. Rc1 Bb6 28. Re1 Bxe3 29. Rxe3 Qc1+ 30. Kh2 Qc7+ 31. Qg3 Qe7 32. Rb3 f5 33. Rb7 Qf6 34. e5 Qd8 35. Qb3 f4 36. e6 Qh4+ 37. Kg1 Rc8 38. Rb8 Qd8 39. Rxc8 Qxc8 40. e7 h6 41. Qb5 Be8 42. Qb4 Qd7 43. Bf3 a5 44. Qc5 a4 45. a3 Kg8 46. Bd5+ Kh8 47. Kh2 Qf5 48. Qd6 Qh5+ 49. Kg1 Qd1+ 50. Kh2 Qh5+ 51. Kg1 Qd1+ 52. Kh2 Qh5+ 1/2-1/2

[Event "Titled Tuesday intern op 23rd Aug Early"]
[Site "Chess.com INT"]
[Date "2022.08.23"]
[Round "3"]
[White "Crispin Ferreras, Darvi Abraham"]
[Black "Mendez Fortes, Eduardo Jesus"]
[Result "0-1"]
[WhiteElo "2160"]
[BlackElo "2250"]
[PlyCount "62"]
[EventDate "2022.08.23"]
[EventType "swiss (blitz)"]
[EventRounds "11"]
[EventCountry "USA"]
[SourceTitle "EXT 2023"]
[Source "ChessBase"]
[SourceDate "2022.10.05"]
[SourceVersion "1"]
[SourceVersionDate "2022.10.05"]
[SourceQuality "1"]

1. e4 c5 2. Nf3 d6 3. c3 Nf6 4. Be2 Nc6 5. d4 cxd4 6. cxd4 g6 7. d5 Nb8 8. Bb5+ Nbd7 9. Bxd7+ Bxd7 10. 0-0 Bg7 11. Nc3 0-0 12. h3 Rc8 13. Be3 a6 14. Bd4 Qa5 15. Re1 b5 16. e5 dxe5 17. Nxe5 Rfd8 18. Qf3 b4 19. Nxd7 Rxd7 20. Bxf6 Bxf6 21. Ne4 Bxb2 22. Rad1 Rcd8 23. Re2 Bg7 24. Red2 h6 25. d6 exd6 26. Rxd6 Rxd6 27. Rxd6 Rxd6 28. Nxd6 Qxa2 29. g3 Qe6 30. Qa8+ Kh7 31. Qxa6 Be5 0-1

[Event "Titled Tuesday intern op 19th Jul Early"]
[Site "Chess.com INT"]
[Date "2022.07.19"]
[Round "8"]
[White "Crispin Ferreras, Darvi Abraham"]
[Black "Pourkashiyan, Atousa"]
[Result "0-1"]
[WhiteElo "2154"]
[BlackElo "2322"]
[PlyCount "70"]
[EventDate "2022.07.19"]
[EventType "swiss (blitz)"]
[EventRounds "11"]
[EventCountry "USA"]
[SourceTitle "EXT 2023"]
[Source "ChessBase"]
[SourceDate "2022.10.05"]
[SourceVersion "1"]
[SourceVersionDate "2022.10.05"]
[SourceQuality "1"]

1. e4 c5 2. Nf3 e6 3. c3 Nf6 4. e5 Nd5 5. d4 cxd4 6. cxd4 d6 7. Bb5+ Nc6 8. 0-0 Be7 9. Bd2 0-0 10. Nc3 Nxc3 11. Bxc3 dxe5 12. dxe5 Bd7 13. Qe2 a6 14. Bd3 g6 15. Rad1 Qc7 16. Bb1 Rfd8 17. h4 Nb4 18. h5 Bb5 19. Qe4 Bxf1 20. Rxf1 Nd5 21. Bd2 Rac8 22. hxg6 hxg6 23. Qg4 Qc4 24. Qg3 Kg7 25. b3 Qc7 26. Nd4 Rh8 27. Bxg6 Bh4 28. Qg4 Qxe5 29. Be4+ Kf8 30. Bxd5 Qxd5 31. Rd1 Be7 32. Be3 Qh5 33. Qxh5 Rxh5 34. f3 Rd5 35. Kf1 e5 0-1

[Event "Titled Tuesday intern op 12th Jul Early"]
[Site "Chess.com INT"]
[Date "2022.07.12"]
[Round "4"]
[White "Adla, Diego Gustavo"]
[Black "Crispin Ferreras, Darvi Abraham"]
[Result "0-1"]
[WhiteElo "2407"]
[BlackElo "2154"]
[PlyCount "52"]
[EventDate "2022.07.12"]
[EventType "swiss (blitz)"]
[EventRounds "11"]
[EventCountry "USA"]
[SourceTitle "EXT 2023"]
[Source "ChessBase"]
[SourceDate "2022.10.05"]
[SourceVersion "1"]
[SourceVersionDate "2022.10.05"]
[SourceQuality "1"]

1. c4 e5 2. Nc3 Nf6 3. Nf3 Nc6 4. e4 Bb4 5. d3 d6 6. Be2 h6 7. 0-0 a6 8. Ne1 Bc5 9. Nc2 0-0 10. Be3 Nd4 11. Bxd4 exd4 12. Nd5 c6 13. Nxf6+ Qxf6 14. f4 Qe7 15. Qe1 f5 16. Bf3 fxe4 17. Bxe4 Qf6 18. Qg3 Bf5 19. Rae1 Rae8 20. Qf3 Qg6 21. Bxf5 Qxf5 22. Rxe8 Rxe8 23. g4 Qf6 24. Kg2 Re6 25. Rf2 Qe7 26. Re2 Rxe2+ 0-1

[Event "Titled Tuesday intern op 12th Jul Early"]
[Site "Chess.com INT"]
[Date "2022.07.12"]
[Round "8"]
[White "Crispin Ferreras, Darvi Abraham"]
[Black "Antonio, Jorge Carlos"]
[Result "1/2-1/2"]
[WhiteElo "2154"]
[BlackElo "2277"]
[PlyCount "102"]
[EventDate "2022.07.12"]
[EventType "swiss (blitz)"]
[EventRounds "11"]
[EventCountry "USA"]
[SourceTitle "EXT 2023"]
[Source "ChessBase"]
[SourceDate "2022.10.05"]
[SourceVersion "1"]
[SourceVersionDate "2022.10.05"]
[SourceQuality "1"]

1. e4 c5 2. Nf3 e6 3. c3 Nc6 4. d4 cxd4 5. cxd4 d5 6. e5 Nge7 7. Bd3 Nf5 8. Bxf5 exf5 9. Nc3 Be7 10. 0-0 Be6 11. a3 0-0 12. b4 h6 13. Bb2 g5 14. Rc1 Qd7 15. Na4 b6 16. Ne1 g4 17. Nd3 Rac8 18. Nf4 Bg5 19. Nxe6 fxe6 20. Rb1 Ne7 21. Nc3 Rc4 22. Ne2 Rfc8 23. Qb3 f4 24. f3 Nf5 25. fxg4 Ne3 26. Rxf4 Bxf4 27. Nxf4 Qh7 28. Re1 Nc2 29. Rf1 Rf8 30. Qh3 Nxd4 31. Bxd4 Rxd4 32. g3 Re4 33. g5 Rxe5 34. g6 Qg7 35. Nxe6 Rxf1+ 36. Kxf1 Qf6+ 37. Nf4 Qf5 38. Qxh6 Qb1+ 39. Kg2 Qe4+ 40. Kh3 Qf5+ 41. g4 Qd7 42. Kh4 Qg7 43. Qg5 Rxg5 44. Kxg5 d4 45. Ne6 d3 46. Nxg7 d2 47. Nf5 d1Q 48. Ne7+ Kf8 49. Nf5 Kg8 50. Ne7+ Kg7 51. Nf5+ Kg8 1/2-1/2

[Event "Titled Tuesday intern op 12th Jul Early"]
[Site "Chess.com INT"]
[Date "2022.07.12"]
[Round "3"]
[White "Crispin Ferreras, Darvi Abraham"]
[Black "Sargsyan, Anna M"]
[Result "0-1"]
[WhiteElo "2154"]
[BlackElo "2378"]
[PlyCount "32"]
[EventDate "2022.07.12"]
[EventType "swiss (blitz)"]
[EventRounds "11"]
[EventCountry "USA"]
[SourceTitle "EXT 2023"]
[Source "ChessBase"]
[SourceDate "2022.10.05"]
[SourceVersion "1"]
[SourceVersionDate "2022.10.05"]
[SourceQuality "1"]

1. e4 c6 2. d4 d5 3. exd5 cxd5 4. Bd3 Nc6 5. c3 Nf6 6. Ne2 Bg4 7. f3 Bh5 8. 0-0 Bg6 9. Bf4 e6 10. Bg3 Qb6 11. Bxg6 hxg6 12. b4 a5 13. b5 Qxb5 14. Nd2 Be7 15. Rb1 Qa6 16. Qa4 Qxe2 0-1

[Event "Titled Tuesday intern op 12th Jul Early"]
[Site "Chess.com INT"]
[Date "2022.07.12"]
[Round "2"]
[White "Suder, Jakub"]
[Black "Crispin Ferreras, Darvi Abraham"]
[Result "0-1"]
[WhiteElo "2320"]
[BlackElo "2154"]
[PlyCount "42"]
[EventDate "2022.07.12"]
[EventType "swiss (blitz)"]
[EventRounds "11"]
[EventCountry "USA"]
[SourceTitle "EXT 2023"]
[Source "ChessBase"]
[SourceDate "2022.10.05"]
[SourceVersion "1"]
[SourceVersionDate "2022.10.05"]
[SourceQuality "1"]

1. d4 Nf6 2. c4 e6 3. Nc3 Bb4 4. f3 0-0 5. a3 Bxc3+ 6. bxc3 d6 7. e4 e5 8. Bd3 b6 9. Be3 c5 10. Ne2 Ne8 11. f4 Bg4 12. 0-0 Nc6 13. fxe5 dxe5 14. d5 Na5 15. Qe1 Nd6 16. h3 Bh5 17. Qg3 Qe7 18. Nd4 cxd4 19. cxd4 Naxc4 20. dxe5 Nxe5 21. Bd4 f6 0-1

[Event "Titled Tuesday intern op 05th Jul Early"]
[Site "Chess.com INT"]
[Date "2022.07.05"]
[Round "8"]
[White "Aldokhin, Ivan"]
[Black "Crispin Ferreras, Darvi Abraham"]
[Result "1-0"]
[WhiteElo "2413"]
[BlackElo "2154"]
[PlyCount "69"]
[EventDate "2022.07.05"]
[EventType "swiss (blitz)"]
[EventRounds "11"]
[EventCountry "USA"]
[SourceTitle "CBM 209 Extra"]
[Source "ChessBase"]
[SourceDate "2022.09.30"]
[SourceVersion "1"]
[SourceVersionDate "2022.09.30"]
[SourceQuality "1"]

1. e4 e6 2. d4 d5 3. Nc3 dxe4 4. Nxe4 Bd7 5. Nf3 Bc6 6. Bd3 Nd7 7. Qe2 Be7 8. Neg5 Bxf3 9. Nxf3 Ngf6 10. 0-0 0-0 11. Rd1 h6 12. Bf4 Bd6 13. Ne5 Nd5 14. Bg3 N7f6 15. c4 Nb4 16. Bb1 Nc6 17. a3 Be7 18. Nxc6 bxc6 19. Bc2 a5 20. Ba4 c5 21. dxc5 Qb8 22. Bb5 Bxc5 23. Rab1 Rd8 24. Rxd8+ Qxd8 25. b4 axb4 26. axb4 Be7 27. Bc6 Ra3 28. Rd1 Qb8 29. b5 Qa7 30. h3 g6 31. Kh2 Nh5 32. Be5 Ra2 33. Rd2 Rxd2 34. Qxd2 Bc5 35. Qxh6 1-0